Numéros 9 des clubs de Ligue 1 (2025-2026) - Statistiques

Statistiques générales
  • Ce quiz a été pris 137 fois
  • Le résultat moyen est 7 sur 13
Statistiques - réponses
Club Joueur Nationalité % Correct
Paris Saint-Germain Gonçalo Ramos Portugais
99%
Olympique de Marseille Amine Gouiri Algérien
92%
LOSC Olivier Giroud Français
91%
AS Monaco Folarin Balogun Etats-Unien
85%
OGC Nice Terem Moffi Nigérian
81%
Stade Rennais Esteban Lepaul Français
50%
RC Strasbourg Joaquín Panichelli Argentin
50%
Toulouse Frank Magri Camerounais
45%
Paris FC Willem Geubbels Français
34%
FC Lorient Mohamed Bamba Ivoirien
21%
FC Metz Giorgi Abuashvili Géorgien
13%
AJ Auxerre Sékou Mara Français
13%
Le Havre Damián Pizarro Chilien
5%
Aucun quiz correspondant
Distribution des résultats
% des personnes avec chaque résultat
Percentile par nombre de réponses
Votre historique - résultats
Vous n’avez pas pris ce quiz